|
|
|
|
| LEADER |
00725nam a22002177a 4500 |
| 001 |
AAL2590 |
| 003 |
BD-DhAAL |
| 005 |
20160417145200.0 |
| 008 |
160417s 1984ii ||||| |||| 001 0 eng d |
| 040 |
|
|
|a BD-DhAAL
|c BD-DhAAL
|
| 082 |
|
|
|a 158
|
| 100 |
|
|
|a Barnabas, Bentley
|9 19108
|
| 245 |
|
|
|a Develop your power to deal with people /
|c Bentley Barnabas
|
| 260 |
|
|
|a India :
|b Parker Publishing,
|c 1984
|
| 300 |
|
|
|a 240 p. ;
|c 22 cm.
|
| 541 |
|
|
|e 2590
|
| 650 |
|
|
|a Success
|9 19109
|
| 852 |
|
|
|a Savar Campus Library
|c General Shelf
|
| 942 |
|
|
|2 ddc
|c BK
|
| 999 |
|
|
|c 37430
|d 37430
|
| 952 |
|
|
|0 0
|1 0
|2 ddc
|4 0
|6 158_000000000000000_BAR
|7 0
|9 58774
|a SCL
|b SCL
|c GEN
|d 2016-04-17
|l 8
|m 14
|o 158 BAR
|p 3020002590
|r 2025-11-30
|s 2025-11-22
|t 1
|w 2016-04-17
|y BK
|